000 00665nam a22002177a 4500
999 _c11134
_d11134
003 AR-CdUCM
008 190403b ||||| |||| 00| 0 spa d
040 _aMUNICIPALIDAD PROVINCIAL DEL CUSCO
_cBIBLIOTECA MUNICIPAL DEL CUSCO
082 _22ed.
_a869.56 /
_bV63F / 1961
100 _aVienrich, Adolfo
_910245
245 _aFábulas Quechuas /
260 _aLima :
_bEdiciones Lux,
_c1961.
300 _a79 páginas ;
_c17 cm.
440 _aSerie difusión del libro del centro
_n1
_928322
505 _aContenido: Fábulas.
650 _aLiteratura Peruana
_9132
650 _aSiglo XX
_98
650 _aFábulas
_94606
942 _2ddc
_cLIBROS
945 _aachl